000 00887nam a22002417a 4500
003 BPGM
008 260618e1997 mx bcdog |||| 001 0 spa d
020 _a968-7377-32-1
040 _bspa
041 _aspa
_hspa
082 0 4 _2900
_a033
100 _aBECERRIL SANCHEZ JORGE
_eAUTOR
245 _aMUNICIPIO DE HUIMILPAN
250 _aPRIMERA EDICION
_b1997
260 _aMEXICO
_bGOBIERNO DEL ESTADO DE QUERETARO
_c1997
300 _a145 paginas
_c21 cm x 13.6 cm
336 _2rdacontent
_atexto
_btxt
337 _2rdamedia
_asin mediación
_bn
338 _2rdacarrier
_avolumen
_bnc
505 _aEs una monografía que ofrece un panorama histórico, cultural y social de este municipio ubicado en la zona sur del estado de Querétaro, destacando su identidad agrícola, sus comunidades rurales y su tradición otomí.
650 _2GEOGRAFÍA E HISTORIA
942 _2ddc
_cCOLQ
999 _c68638
_d68638